CT & MRI Protocol a Practical Approach (Record no. 248930)

MARC details
000 -LEADER
fixed length control field 00443nam a22001697a 4500
008 - FIXED-LENGTH DATA ELEMENTS--GENERAL INFORMATION
fixed length control field 250507b |||||||| |||| 00| 0 eng d
020 ## - INTERNATIONAL STANDARD BOOK NUMBER
International Standard Book Number 978-8196-518714
082 ## - DEWEY DECIMAL CLASSIFICATION NUMBER
Classification number 616.0757 R4
100 ## - MAIN ENTRY--PERSONAL NAME
Personal name Sumeet Bhargava & Satish K Bhargava
245 ## - TITLE STATEMENT
Title CT & MRI Protocol a Practical Approach
250 ## - EDITION STATEMENT
Edition statement 4th
260 ## - PUBLICATION, DISTRIBUTION, ETC. (IMPRINT)
Name of publisher, distributor, etc PEEPEE
Date of publication, distribution, etc 2024
650 ## - SUBJECT ADDED ENTRY--TOPICAL TERM
Form subdivision physiotherapy
General subdivision CT & MRI Protocol
942 ## - ADDED ENTRY ELEMENTS (KOHA)
Item type Books
Holdings
Withdrawn status Lost status Damaged status Permanent location Current location Date acquired Source of acquisition Cost, normal purchase price Full call number Barcode Date last seen Koha item type
      CENTRAL LIBRARY, NOORUL ISLAM CENTRE FOR HIGHER EDUCATION CENTRAL LIBRARY, NOORUL ISLAM CENTRE FOR HIGHER EDUCATION 05/07/2025 Masters Books Distributors, Kollam 450.00 616.0757 R4 83731 05/07/2025 Books
      CENTRAL LIBRARY, NOORUL ISLAM CENTRE FOR HIGHER EDUCATION CENTRAL LIBRARY, NOORUL ISLAM CENTRE FOR HIGHER EDUCATION 05/07/2025 Masters Books Distributors, Kollam 450.00 616.0757 R4 83732 05/07/2025 Books
      CENTRAL LIBRARY, NOORUL ISLAM CENTRE FOR HIGHER EDUCATION CENTRAL LIBRARY, NOORUL ISLAM CENTRE FOR HIGHER EDUCATION 05/07/2025 Masters Books Distributors, Kollam 450.00 616.0757 R4 83733 05/07/2025 Books
Visitors:
Copyright © 2024 Central Library NICHE.  All rights reserved.